DETERMINACIÓN DE LA EFICIENCIA EN LA REMOCIÓN DE NITRÓGENO EN LOS FILTROS DE PERCOLADORES DE LA PLANTA DE TRATAMIENTO DE AGUAS RESIDUALES ENRIQUETA DEL MUNICIPIO DE VILLA NUEVA, GUATEMALA./ (Registro nro. 2057)

Detalles MARC
000 -LEADER
campo de control de longitud fija 02935nam a22003377a 4500
001 - NÚMERO DE CONTROL
campo de control TIC 0031
003 - IDENTIFICADOR DE NÚMERO DE CONTROL
campo de control gtcocun
005 - FECHA Y HORA DE LA ÚLTIMA TRANSACCIÓN
campo de control 20250922181515.0
006 - CÓDIGOS DE INFORMACIÓN DE LONGITUD FIJA--CARACTERÍSTICAS DEL MATERIAL ADICIONAL
campo de control de longitud fija a||||gr|||| 00| 0
007 - CAMPO FIJO DE DESCRIPCIÓN FÍSICA--INFORMACIÓN GENERAL
campo de control de longitud fija ta
008 - DATOS DE LONGITUD FIJA--INFORMACIÓN GENERAL
campo de control de longitud fija 250922b2023 gt ||||| m||| 00| 0 eng d
040 ## - FUENTE DE CATALOGACIÓN
Centro catalogador/agencia de origen gtcocun
Lengua de catalogación SPA
Centro/agencia transcriptor gtcocun
Normas de descripción RDA
041 ## - CÓDIGO DE IDIOMA
Código de lengua del texto/banda sonora o título independiente SPA TIC 0031
084 ## - OTRO NÚMERO DE CLASIFICACIÓN
Número de control del registro de autoridad o número normalizado TIC 0031
100 ## - ENTRADA PRINCIPAL--NOMBRE DE PERSONA
Nombre de persona Metellus, Verly
Término indicativo de función/relación Autor
245 ## - MENCIÓN DEL TÍTULO
Título DETERMINACIÓN DE LA EFICIENCIA EN LA REMOCIÓN DE NITRÓGENO EN LOS FILTROS DE PERCOLADORES DE LA PLANTA DE TRATAMIENTO DE AGUAS RESIDUALES ENRIQUETA DEL MUNICIPIO DE VILLA NUEVA, GUATEMALA./
Mención de responsabilidad, etc. Verly Metellus.
Medio Impreso
264 ## - PRODUCCIÓN, PUBLICACIÓN, DISTRIBUCIÓN, FABRICACIÓN Y COPYRIGHT
Producción, publicación, distribución, fabricación y copyright Cobán, Alta Verapaz:
Nombre del de productor, editor, distribuidor, fabricante Universidad de San Carlos de Guatemala, Centro Universitario del Norte, Ingeniería Civil
Fecha de producción, publicación, distribución, fabricación o copyright 2023
300 ## - DESCRIPCIÓN FÍSICA
Extensión 69 p.:
Otras características físicas Ilustraciones, gráficas.
Dimensiones 28 cm;
300 ## - DESCRIPCIÓN FÍSICA
Dimensiones PDF
336 ## - TIPO DE CONTENIDO
Fuente rdacontenido
Término de tipo de contenido Texto
Código de tipo de contenido txt
337 ## - TIPO DE MEDIO
Fuente rdamedio
Nombre/término del tipo de medio Computadora
Código del tipo de medio n
338 ## - TIPO DE SOPORTE
Fuente rdasoporte
Nombre/término del tipo de soporte Código en línea
Código del tipo de soporte cr
502 ## - NOTA DE TESIS
identificador de la tesis TIC 0031
502 ## - NOTA DE TESIS
Nota de tesis Tesis de grado
Tipo de título Ingeniería Civil,
Nombre de la institución que otorga el título Universidad de San Carlos de Guatemala, Centro Universitario del Norte, Ingeniería Civil
Año de obtención del título 2023
Identificador de la tesis TIC 0031
520 14 - RESUMEN, ETC.
Sumario, etc. El siguiente estudio tiene como objetivo determinar la eficiencia en la remoción del<br/>nitrógeno total (NT) de los Filtros Percoladores de la Planta de Tratamiento de Aguas<br/>Residuales Enriqueta de tipo ordinario. Para tal fin, se determinó el caudal promedio de la<br/>planta, demanda biológica de oxígeno (DBO5), la demanda química de oxígeno (DQO), la<br/>temperatura y el potencial de hidrógeno (pH).<br/><br/>Los puntos en los cuales se tomaron las muestras en la planta de tratamiento de aguas<br/>residuales Enriqueta son los siguientes: entrada principal, entrada a los filtros, filtros y<br/>salida de filtros. Con los resultados encontrados, se obtuvieron las características generales<br/>del agua residual y la relación de índice de biodegradabilidad. Además, se determinaron<br/>parámetros específicos para nitrógeno, en particular los nitritos y nitratos en cada módulo<br/>de filtración nitrógeno total en la entrada y salida del Sistema de Filtros Percoladores.<br/><br/>La investigación se realizó entre los meses de septiembre y octubre del 2022, donde se<br/>obtuvo un caudal promedio de 2.66 l/s que posee características propias de las de origen<br/>domésticos. Los resultados indican que la eficiencia promedio en remoción de DBO5 es de<br/>46.45 % y de DQO es de 33.32 %. En el caso de nitrógeno total es de 15.83 % y se alcanza los valores de remoción a un índice de biodegradabilidad de 0.4625.
650 14 - PUNTO DE ACCESO ADICIONAL DE MATERIA--TÉRMINO DE MATERIA
Fuente del encabezamiento o término LEMB
Término de materia o nombre geográfico como elemento de entrada Guatemala.
Subdivisión general Ingeniería
-- Biodegradabilidad
-- Remoción
-- Nitratos
-- Caudal
-- Nitrógeno
700 ## - ENTRADA AGREGADA--NOMBRE PERSONAL
Nombre de persona Inga. Civil Sindry Yaneth Pacay Morales
Término indicativo de función/relación Asesor
856 ## - LOCALIZACIÓN Y ACCESO ELECTRÓNICOS
Identificador Uniforme de Recurso <a href="https://drive.google.com/file/d/1WHC-uAxuwXf7G01RtSeXPaO6dC80azwL/view ">https://drive.google.com/file/d/1WHC-uAxuwXf7G01RtSeXPaO6dC80azwL/view </a>
Texto de enlace PDF
Nota pública Un ejemplar en línea.
942 ## - ELEMENTOS DE ENTRADA SECUNDARIOS (KOHA)
Fuente de la clasificación o esquema de estantería Clasificación Decimal Dewey
Tipo de ítem Koha TESIS
Parte de la signatura que identifica el ejemplar (Parte del ítem) TIC 0031
Prefijo de la signatura Clasificación
Suprimir en OPAC No
-- TIC_0031_000000000000000
Existencias
Estatus retirado Estado de pérdida Fuente de la clasificación o esquema de estantería Estado de daño No para préstamo Colección Biblioteca de origen Biblioteca actual Ubicación en estantería Fecha de adquisición Número de inventario Total de préstamos Signatura topográfica completa Código de barras Visto por última vez Precio de reemplazo Tipo de ítem Koha
    Clasificación Decimal Dewey     tesis BIBLIOTECA- CUNOR -JOSÉ LUIS GONZALES ROSALES BIBLIOTECA- CUNOR -JOSÉ LUIS GONZALES ROSALES Colección tesis 16/09/2025 TIC 0031   TIC 0031 TIC 0031 16/09/2025 16/09/2025 TESIS